000 01236cam a2200349 i 4500
001 25635
003 Mx-PuUPA
005 20250328151347.0
008 140415s2023 ck gr 001 0 spa d
020 _a9786287625587
_qversión impresa
020 _a9786287625594
_qversión digital
040 _aMx-PuUPA
_bspa
_cMx-PuUPA
_dMx-PuUPA
_erda
041 0 _aspa
245 1 0 _aDerechos humanos como bienes comunes /
_beditores, Martín Haeberlin, Fernando Méndez Sánchez, Mathias Nebel
250 _aPrimera edición
264 1 _aBogotá, Colombia :
_bEditorial Aula de Humanidades,
_c2023
300 _a174 páginas ;
_c23 cm
336 _2rdacontent
_atexto
_btxt
337 _2rdamedia
_asin medio
_bn
338 _2rdacarrier
_avolumen
_bnc
490 0 _aBienes Comunes
650 7 _2armarc
_aDerechos humanos
650 7 _2armarc
_aBien común
650 7 _2armarc
_aCiencias políticas
700 1 _aHaeberlin, Martín,
_eeditor
_916870
700 1 _aMéndez Sánchez, Fernando,
_eeditor
700 1 _aNebel, Mathias,
_eeditor
_910465
942 _2ddc
_cLI
_h323
_iD42
999 _c25635
_d25635